Infectious fungi / (Record no. 37638)
[ view plain ]
| 000 -LEADER | |
|---|---|
| fixed length control field | 00632nam a22002297a 4500 |
| 001 - CONTROL NUMBER | |
| control field | 37638 |
| 003 - CONTROL NUMBER IDENTIFIER | |
| rucl marc code | BD-RjUL |
| 005 - DATE AND TIME OF LATEST TRANSACTION | |
| control field | 20211209052630.0 |
| 008 - FIXED-LENGTH DATA ELEMENTS--GENERAL INFORMATION | |
| fixed length control field | 150204s1996 ii a|||| |||| 00| 0 eng d |
| 020 ## - INTERNATIONAL STANDARD BOOK NUMBER | |
| International Standard Book Number | 8174882766 |
| 035 ## - SYSTEM CONTROL NUMBER | |
| System control number | (BD-RjUL) |
| 040 ## - CATALOGING SOURCE | |
| Original cataloging agency | BD-RjUL |
| Language of cataloging | eng |
| Transcribing agency | BD-RjUL |
| 041 ## - LANGUAGE CODE | |
| Language code of text/sound track or separate title | eng |
| 082 ## - DEWEY DECIMAL CLASSIFICATION NUMBER | |
| Edition number | 20 |
| Classification number | 616.969 |
| Author mark and year | CHI 1996 |
| 100 ## - MAIN ENTRY--PERSONAL NAME | |
| Personal name | Chandniwala, K. M. |
| 9 (RLIN) | 115691 |
| 245 ## - TITLE STATEMENT | |
| Title | Infectious fungi / |
| Statement of responsibility, etc. | K. M. Chandniwala |
| 260 ## - PUBLICATION, DISTRIBUTION, ETC. (IMPRINT) | |
| Place of publication, distribution, etc. | New Delhi : |
| Name of publisher, distributor, etc. | Anmol publication, |
| Date of publication, distribution, etc. | 1997 |
| 300 ## - PHYSICAL DESCRIPTION | |
| Pagination | 266 p. : |
| Illustrations | ill ; |
| Size | 23 m. |
| 490 ## - SERIES STATEMENT | |
| Series statement | Recent advance in plant pathology series |
| Volume/sequential designation | 6 |
| 650 ## - SUBJECT ADDED ENTRY--TOPICAL TERM | |
| Topical term or geographic name as entry element | Fungi. |
| 9 (RLIN) | 114996 |
| 942 ## - ADDED ENTRY ELEMENTS (KOHA) | |
| Source of classification or shelving scheme | Dewey Decimal Classification |
| Koha item type | Books |
| Lost status | Source of classification or shelving scheme | Damaged status | Not for loan | Permanent Location | Current Location | Shelving location | Date acquired | Total Checkouts | Full call number | Date last seen | Copy number | Koha item type |
|---|---|---|---|---|---|---|---|---|---|---|---|---|
| Dewey Decimal Classification | Not For Loan | Institute of Biological Sciences (IBSc) Library | Institute of Biological Sciences (IBSc) Library | 04/02/2015 | 616.969 CHI 1996 | 04/02/2015 | C-1 | Books |